000
00286nam a22001337a 4500
008
190305b xxu||||| |||| 00| 0 eng d
020
_a
9780495014492
041
_a
eng
080
_2
8th
_a
540
100
_a
12
101
_a
KIM
245
_a
Chemistry
_c
Whitten,K.W
942
_2
udc
_c
BK
999
_c
54579
_d
54579